[Event "Donau op"]
[Site "Aschach"]
[Date "1995.??.??"]
[Round "6"]
[White "Ennsberger, Ulrich"]
[Black "Robovic, Saudin"]
[Result "0-1"]
[WhiteElo "2160"]
[BlackElo "2410"]

1.d4 Nf6 2.Bg5 e6 3.e4 h6 4.Bxf6 Qxf6 5.Nc3 d6 6.Nf3 Nd7 7.Qd2 Qd8 8.Be2 c6
9.a4 d5 10.O-O Bb4 11.Qf4 O-O 12.Bd3 a5 13.exd5 exd5 14.Ne2 Qf6 15.Qxf6 Nxf6
16.Ng3 Re8 17.c3 Bd6 18.Rfe1 Be6 19.Ne5 Nd7 20.f4 f6 21.Ng6 Bf7 22.f5 Bxg6
23.fxg6 Bxg3 24.hxg3 Kf8 25.Bf5 Nb6 26.b3 Rxe1+ 27.Rxe1 Re8 28.Rb1 Re7 29.Kf2 Ke8
30.b4 Nxa4 31.bxa5 Kd8 32.Rb3 Kc7 33.Bd3 Re8 34.Ra3 Nb2 35.Be2 Ra8 36.Ra2 Nc4
37.Bxc4 dxc4 38.Ra4 Kd6 39.Rxc4 Rxa5 40.Rb4 Kc7  0-1

[Event "AUT-chT2W 9495"]
[Site "Austria"]
[Date "1995.??.??"]
[Round "?.4"]
[White "Maier, Peter"]
[Black "Studer, Kurt"]
[Result "1-0"]
[WhiteElo "2045"]
[BlackElo "1760"]

1.d4 Nf6 2.Bg5 e6 3.e4 h6 4.Bxf6 Qxf6 5.Nf3 d5 6.Nbd2 c6 7.Bd3 g6 8.Qe2 Bg7
9.exd5 cxd5 10.Bb5+ Nc6 11.Ne5 O-O 12.Bxc6 bxc6 13.Nxc6 a5 14.O-O Ba6 15.c4 dxc4
16.Nxc4 Rfc8 17.N6e5 Qf4 18.Rfd1 Qg5 19.b3 a4 20.Qf3 Ra7 21.Nd6 Rf8 22.Ne4 Qf5
23.Qe3 Bb7 24.Nd6 Qg5 25.Qxg5 hxg5 26.Rac1 Bd5 27.Nb5 Rb7 28.bxa4 Bxa2 29.Rc5 Bb3
30.Ra1 Ra8 31.a5 Bf8 32.Nc3 Bxc5 33.dxc5 Rc7 34.c6 Kg7 35.Nb5 Re7 36.c7 Bd5
37.Rc1 Bb7 38.Nc4 g4 39.h3 gxh3 40.gxh3 Ba6 41.Nb6 Rh8 42.Nd6 Rxh3 43.c8=Q Bxc8
44.Ndxc8 Re8 45.a6 Reh8 46.Rc4 Rh1+ 47.Kg2 R1h2+ 48.Kf1 Rh1+ 49.Ke2 Ra1 50.a7 Ra2+
51.Kd3 Rh3+ 52.Kd4 Rha3 53.a8=Q Rxa8 54.Nxa8 Rxa8 55.Nd6 Ra5 56.Rc5 Rxc5
57.Kxc5 g5 58.Kd4 f6 59.Ne8+ Kg6 60.Nc7 Kf5 61.Ke3 Ke5 62.Ne8 f5 63.Ng7 g4
64.Nh5 Kd5 65.Kf4 Kd6 66.Ng7 Kd5 67.Nxf5 exf5 68.Kxf5 Kd6 69.Kxg4 Ke6 70.Kg5 Kf7
71.Kf5 Kg7 72.Ke6 Kf8 73.Kf6 Kg8 74.f4 Kf8 75.f5 Kg8 76.Ke7  1-0

[Event "AUT-chT2S 9495"]
[Site "?"]
[Date "1995.??.??"]
[Round "6"]
[White "Insam, Heinz"]
[Black "Altrichter, U."]
[Result "1-0"]
[WhiteElo "2285"]
[BlackElo "2135"]

1.d4 Nf6 2.Bg5 e6 3.Nd2 d5 4.e3 Be7 5.Bd3 h6 6.Bh4 c5 7.c3 Nc6 8.f4 Bd7 9.Nh3 Qb6
10.Bxf6 Bxf6 11.Rb1 O-O-O 12.Nf3 Rdg8 13.Nf2 cxd4 14.exd4 g5 15.Ng4 Qd8 16.Nfe5 Nxe5
17.fxe5 Be7 18.O-O Rg7 19.Nf6 Bxf6 20.Rxf6 h5 21.Qf3 Qg8 22.Rf1 Be8 23.c4 g4
24.Qf4 dxc4 25.Bxc4 Rg6 26.d5 Rxf6 27.exf6 exd5 28.Bd3 Bc6 29.Bf5+  1-0

[Event "AUT-chT2S 9495"]
[Site "?"]
[Date "1995.??.??"]
[Round "9"]
[White "Schieder, Andreas"]
[Black "Wilfling, Hermann"]
[Result "0-1"]
[WhiteElo "2125"]
[BlackElo "2130"]

1.d4 Nf6 2.Bg5 e6 3.Nd2 h6 4.Bh4 d5 5.e3 Be7 6.Bd3 O-O 7.f4 b6 8.Nh3 Ba6
9.Bxa6 Nxa6 10.Bxf6 Bxf6 11.c3 c5 12.O-O Nc7 13.Kh1 cxd4 14.exd4 b5 15.Nf3 Ne8
16.Qd3 Rb8 17.g4 g6 18.g5 hxg5 19.fxg5 Bg7 20.Rg1 Qd6 21.Rae1 b4 22.Re2 bxc3
23.bxc3 Qc7 24.Nf2 Nd6 25.h4 Nf5 26.Nh2 Rfc8 27.Nd1 Nxh4 28.Qh3 Nf5 29.Ng4 Rb1
30.Rh2 Kf8 31.Nf6 Ke7 32.Qd3 Rcb8 33.Rh7 Bxf6 34.gxf6+ Kxf6 35.Qf3 Rg8 36.Qd3 Rbb8
37.Qd2 g5 38.Nf2 Qd6 39.Ng4+ Ke7 40.Ne5 Rbf8 41.Rxg5 Rxg5 42.Qxg5+ Ke8 43.Kh2 Qa6
44.Qd2 Qb5 45.Qg2 Nd6 46.Qc2 Rg8 47.Qf2 Qb1 48.Rh3 f6 49.Nf3 Ne4 50.Qe2 Kd8
51.Ne1 Qb8+ 52.Kh1 Ng3+ 53.Rxg3 Qxg3 54.Ng2 Qxc3  0-1

[Event "AUT-chT2S 9596"]
[Site "AUT"]
[Date "1995.??.??"]
[Round "?"]
[White "Schieder, Andreas"]
[Black "Leitner, Kurt"]
[Result "1/2-1/2"]
[WhiteElo "2010"]
[BlackElo "2120"]

1.d4 Nf6 2.Bg5 e6 3.e3 b6 4.Bd3 Ba6 5.c3 Bxd3 6.Qxd3 Qc8 7.e4 Qa6 8.Qxa6 Nxa6
9.Nd2 c5 10.d5 Be7 11.Ngf3 exd5 12.Bxf6 Bxf6 13.exd5 O-O 14.O-O-O Rfe8 15.Rhe1 g6
16.Ne4 Bg7 17.Nd6 Rxe1 18.Rxe1 Nc7 19.Rd1 Rb8 20.g4 Kf8 21.Kc2 Ne8  1/2-1/2

[Event "Badenweiler op"]
[Site "Badenweiler"]
[Date "1995.??.??"]
[Round "4"]
[White "Gerstner, Wolfgang"]
[Black "Biebinger, Gerhard"]
[Result "1/2-1/2"]
[WhiteElo "2370"]
[BlackElo "2330"]

1.d4 Nf6 2.Bg5 e6 3.Nf3 h6 4.Bh4 c5 5.e3 Be7 6.Nbd2 d5 7.c3 Qb6 8.Rb1 Bd7
9.Ne5 cxd4 10.Nxd7 Nfxd7 11.Bxe7 dxe3 12.Ba3 exd2+ 13.Qxd2 Nc6 14.Be2 Nf6
15.O-O Ne4 16.Qc2 h5 17.Rbd1 O-O-O 18.b4 Nd6 19.Bc1 Nf5 20.Bd3 g6 21.Bg5 Rd7
22.Bf6 Re8 23.Rfe1 Kb8 24.a4 Ka8 25.a5 Qc7 26.a6 bxa6 27.Ra1 Rc8 28.Qe2 Nb8
29.b5 axb5 30.Bxb5 Rd6 31.Be5 Qc5 32.Ra5 Nc6 33.Bxd6 Nxd6 34.Bxc6+ Qxc6 35.Rea1 Rc7
36.Qe5 Nc8 37.R1a3 Qd6 38.Qh8 Qb6 39.h4 Qb8 40.Qe5 Nb6 41.Rb3 Rb7 42.Qd4 Qc7
43.Rab5  1/2-1/2

[Event "Balatonbereny op"]
[Site "Balatonbereny"]
[Date "1995.??.??"]
[Round "7"]
[White "Ebner, Hubert"]
[Black "Tobor, Detlef"]
[Result "1-0"]
[WhiteElo "2250"]
[BlackElo "2160"]

1.d4 Nf6 2.Bg5 e6 3.e4 Be7 4.Nc3 d5 5.e5 Nfd7 6.h4 a6 7.Qg4 f5 8.Qh5+ g6
9.Qh6 Bxg5 10.hxg5 Qe7 11.Nge2 Qf8 12.Qh4 c5 13.Nf4 Qf7 14.Ncxd5 exd5 15.e6 Qg7
16.exd7+ Nxd7 17.O-O-O cxd4 18.Re1+ Ne5 19.Nd3  1-0

[Event "Barbera del Valles op"]
[Site "Barbera del Valles"]
[Date "1995.??.??"]
[Round "1"]
[White "Lopez, C."]
[Black "Jurkovic, Ante"]
[Result "0-1"]
[WhiteElo "2360"]
[BlackElo "2330"]

1.d4 Nf6 2.Bg5 e6 3.Nf3 Be7 4.c4 Ne4 5.Bxe7 Qxe7 6.Qc2 f5 7.Nc3 Nxc3 8.Qxc3 d6
9.e3 Nd7 10.Be2 Nf6 11.Nd2 O-O 12.f4 Bd7 13.Bf3 Rab8 14.O-O Bc6 15.b4 Bxf3
16.gxf3 Nd7 17.Rf2 Rf6 18.Nb3 Rg6+ 19.Kh1 b6 20.a4 Rf8 21.Nc1 e5 22.fxe5 dxe5
23.d5 e4 24.f4 Qh4 25.Qd2 Nf6 26.Nb3 Qh3 27.Nd4 Nh5 28.Ne2 Rff6 29.c5 bxc5
30.bxc5 h6 31.a5 Kh7 32.Rb1 Rg4 33.Rg1 Rxg1+ 34.Kxg1 Rg6+ 35.Kh1 Ng3+ 36.Nxg3 Rxg3
37.d6 cxd6 38.cxd6 Rxe3 39.d7 Rb3 40.d8=Q e3 41.Qd1 exf2  0-1

[Event "Barbera del Valles op"]
[Site "Barbera del Valles"]
[Date "1995.??.??"]
[Round "6"]
[White "Mellado Trivino, Juan"]
[Black "Petraki, Maria"]
[Result "1-0"]
[WhiteElo "2460"]
[BlackElo "2105"]

1.d4 Nf6 2.Bg5 e6 3.e4 h6 4.Bxf6 Qxf6 5.Nc3 d6 6.Qd2 g6 7.O-O-O Bg7 8.e5 Qe7
9.f4 O-O 10.Nf3 d5 11.h4 h5 12.Be2 f5 13.exf6 Qxf6 14.Ne5 Bh6 15.g3 c5 16.Nb5 Nc6
17.c3 a6 18.Nd6 Nxe5 19.dxe5 Qg7 20.c4 d4 21.Bd3 b5 22.Rhe1 Rb8 23.Qc2 bxc4
24.Bxc4 Bd7 25.Bxa6 Rb6 26.Bd3 Kh7 27.Kb1 Rfb8 28.Rd2 Bc6 29.b3 Bd5 30.Bc4 Qa7
31.Rc1 Qa3 32.Rd3 Bg7 33.Bxd5 exd5 34.Qxc5 Qa6 35.Rd2 d3 36.Qxd5 Qa3 37.Nc4 Qb4
38.Rxd3 Ra6 39.Qf7 Rb7 40.Rd7 Rxd7 41.Qxd7 Qc5 42.Qd3 Qf2 43.a4  1-0

[Event "Regionalliga SO9596"]
[Site "Bayern"]
[Date "1995.??.??"]
[Round "?"]
[White "Kohout, Peter"]
[Black "Velicka, Petr"]
[Result "0-1"]
[WhiteElo "2290"]
[BlackElo "2400"]

1.d4 Nf6 2.Bg5 e6 3.Nd2 h6 4.Bh4 c5 5.c3 cxd4 6.cxd4 Nc6 7.e3 Be7 8.Bd3 d5
9.Ne2 Bd7 10.Nc3 a6 11.Rc1 O-O 12.O-O b5 13.a4 Nb4 14.Be2 bxa4 15.Nxa4 Qa5
16.Nc5 Bb5 17.Ndb3 Qb6 18.Qd2 a5 19.Ra1 Ne4 20.Nxe4 Bxh4 21.Bxb5 Qxb5 22.Nc3 Qd3
23.Rfd1 Qxd2 24.Rxd2 Nc6 25.Na4 Rfb8 26.Nbc5 Nb4 27.Kf1 Be7 28.Ke2 Ra7 29.Nd3 Rc7
30.Nac5 Nxd3 31.Nxd3 Bb4 32.Nxb4 axb4 33.Kd3 b3 34.Ra3 Rc1 35.Ke2 Rb1 36.f3 f5
37.Kd3 Rb5 38.e4 f4 39.Re2 Rd1+ 40.Rd2 dxe4+ 41.fxe4 Rxd2+ 42.Kxd2 Rg5 43.g3 fxg3
44.hxg3 Rxg3 45.Ra7 h5 46.Ra5 h4 47.Rh5 h3 48.d5 exd5 49.exd5 Kf7 50.Ke2 g5
51.Kf2 Rg2+ 52.Kf1 g4 53.Rh7+ Kg6 54.Rh8 Rxb2 55.d6 Rd2 56.Rg8+ Kf5  0-1

[Event "Regionalliga SO9495"]
[Site "Bayern"]
[Date "1995.??.??"]
[Round "2"]
[White "Kohout, Peter"]
[Black "Wolowski, Vincent"]
[Result "0-1"]
[WhiteElo "2315"]
[BlackElo "2085"]

1.d4 Nf6 2.Bg5 e6 3.e4 h6 4.Bxf6 Qxf6 5.Nf3 g5 6.Nc3 d6 7.h3 Bg7 8.Qd2 Qe7
9.Ne2 f5 10.exf5 O-O 11.fxe6 Qxe6 12.d5 Qf7 13.O-O-O Na6 14.Nc3 Nc5 15.Be2 b5
16.Bxb5 Rb8 17.Bc4 Rxb2 18.Bb3 Bf5 19.Nxg5 hxg5 20.Qxg5 Nxb3+ 21.Kxb2 Nc5
22.Ka3 c6 23.Qd2 Qc7 24.Na4 Nxa4 25.Kxa4 c5 26.Rb1 Bd7+ 27.Ka3 Rxf2 28.Qe1 Re2  0-1

[Event "Regionalliga NW9495"]
[Site "Bayern"]
[Date "1995.??.??"]
[Round "8"]
[White "Rebscher, Ralf"]
[Black "Kassubek, Wolfgang"]
[Result "1/2-1/2"]
[WhiteElo "1915"]
[BlackElo "2025"]

1.d4 Nf6 2.Bg5 e6 3.e4 Be7 4.Bd3 c5 5.Nf3 cxd4 6.Nbd2 Nc6 7.O-O e5 8.Nc4 d6
9.Rc1 Be6 10.c3 dxc3 11.Rxc3 O-O 12.Qe2 Rc8 13.Rfc1 Qd7 14.Ne3 Nd4 15.Nxd4 exd4
16.Bb5 Rxc3 17.bxc3 Qc7 18.Nf5 dxc3 19.Nxe7+ Qxe7 20.Rxc3 a6 21.Bd3 h6 22.Bh4 Rc8
23.Rxc8+ Bxc8 24.Qc2 Bg4 25.f3 Be6 26.Qb2 Bd7 27.Qxb7 Qe5 28.Qb8+ Ne8 29.Qb1 Bb5
30.Bxb5 axb5 31.h3 Qc5+ 32.Bf2 Qc4 33.Qb3 Qe2 34.Qd5 Nf6 35.Qxd6 Qxa2 36.Qb8+ Kh7
37.Qxb5 Qa1+ 38.Qf1 Qc3 39.Qe2 Nh5 40.Qb5 Qc1+ 41.Qf1 Qc3 42.Qe2 Qc1+ 43.Qe1 Qxe1+
44.Bxe1 Nf4 45.Bd2 Ne6 46.Kf2 h5 47.f4 g6 48.Kf3 Nd4+ 49.Ke3 Ne6 50.Bb4 Kg7
51.g4 hxg4 52.hxg4 f5 53.exf5 gxf5 54.gxf5 Nc7 55.Ke4 Kf6 56.Bd6 Nb5 57.Be5+ Kf7
58.Kd5 Na3 59.Kc5 Nc2 60.Bd4 Ne1 61.Kd5 Nf3 62.Be3 Kf6 63.Ke4 Ne1 64.Bd4+ Kf7
65.Ke3 Ng2+ 66.Kf3 Ne1+ 67.Ke2 Ng2 68.Be5 Nh4 69.f6 Ng6 70.Kf3 Nf8 71.Kg4 Nd7
72.Kg5 Nc5 73.Bd6  1/2-1/2

[Event "Berga op"]
[Site "Berga"]
[Date "1995.??.??"]
[Round "8"]
[White "Mellado Trivino, Juan"]
[Black "Marin, Mihail"]
[Result "1/2-1/2"]
[WhiteElo "2460"]
[BlackElo "2520"]

1.d4 Nf6 2.Bg5 e6 3.e4 h6 4.Bxf6 Qxf6 5.Nc3 d6 6.Qd2 g5 7.O-O-O Bg7 8.e5 dxe5
9.dxe5 Qe7 10.f4 Nc6 11.g3 Bd7 12.Nge2 O-O-O 13.Bg2 f5 14.Qe3 Qb4 15.Nd4 Na5
16.Nb3 Nxb3+ 17.cxb3  1/2-1/2

[Event "Biel op"]
[Site "Biel"]
[Date "1995.??.??"]
[Round "1"]
[White "Hauke, Christian"]
[Black "Wahls, Matthias"]
[Result "0-1"]
[WhiteElo "2295"]
[BlackElo "2550"]

1.d4 Nf6 2.Bg5 e6 3.e4 h6 4.Bxf6 Qxf6 5.Nf3 d6 6.Nc3 g5 7.h3 Bg7 8.Qd2 Bd7
9.e5 Qe7 10.O-O-O d5 11.Kb1 a6 12.Qe3 b6 13.Ne2 Nc6 14.Ng3 Rg8 15.Nh5 Bh8
16.Nh2 f5 17.exf6 Bxf6 18.Nxf6+ Qxf6 19.Be2 Qf4 20.Bh5+ Kf8 21.Qa3+ Kg7 22.g3 Qd6
23.Qe3 Be8 24.Bxe8 Raxe8 25.f4 gxf4 26.gxf4 Ne7 27.Rhg1+ Kh8 28.Ng4 Nf5 29.Qf2 Qe7
30.Ne5 Qh4 31.Qf3 Kh7 32.Rg4 Qf6 33.c3 Rg7 34.Rdg1 Reg8 35.Qd3 a5 36.Nd7 Qe7
37.Ne5 h5 38.Rxg7+ Rxg7 39.Rxg7+ Qxg7 40.Nf3 Qg2 41.Ng5+ Kh6 42.Nxe6 Qg1+
43.Kc2 Ne3+ 44.Kb3 Qf2 45.Ka4 Qxb2 46.Ng5 Qxa2+ 47.Kb5 Qb3+ 48.Kc6 Qc4+ 49.Qxc4 dxc4
50.Kb5 c6+  0-1

[Event "GER-ch"]
[Site "Binz"]
[Date "1995.??.??"]
[Round "7"]
[White "Gerstner, Wolfgang"]
[Black "Bischoff, Klaus"]
[Result "0-1"]
[WhiteElo "2370"]
[BlackElo "2550"]

1.d4 Nf6 2.Bg5 e6 3.e4 h6 4.Bxf6 Qxf6 5.Nf3 d6 6.Nc3 Nd7 7.Qd2 a6 8.O-O-O Qe7
9.e5 d5 10.Bd3 c5 11.dxc5 Nxc5 12.Nd4 Bd7 13.f4 O-O-O 14.Kb1 Kb8 15.Qe3 Rc8
16.f5 g6 17.fxg6 fxg6 18.h4 Rg8 19.Rdf1 g5 20.Rf6 gxh4 21.Qf4 Nxd3 22.cxd3 Rxg2
23.Nc2 Qg7 24.Qf1 Be7 25.Ne1 Rg4 26.Rf7 Rf8  0-1

[Event "BRA-ch"]
[Site "?"]
[Date "1995.??.??"]
[Round "6"]
[White "Cukier, Marcelo"]
[Black "Matsuura, Everaldo"]
[Result "0-1"]
[WhiteElo "2150"]
[BlackElo "2415"]

1.d4 Nf6 2.Bg5 e6 3.e4 h6 4.Bxf6 Qxf6 5.Nf3 d6 6.Nc3 g5 7.Qd3 g4 8.Nd2 Bg7
9.Nb3 Bd7 10.Be2 Nc6 11.O-O-O O-O-O 12.f3 e5 13.Nd5 Qg5+ 14.Kb1 f5 15.h4 gxh3
16.gxh3 fxe4 17.fxe4 exd4 18.Rhg1 Qe5 19.Nd2 Rhg8 20.Rg6 Bh8 21.Nc4 Qh2 22.Rxh6 Rg3
23.Qd2 Rxh3 24.Rxh3 Qxh3 25.Qg5 Qe6 26.Qh4 Re8 27.Bf3 b5 28.Nd2 Ne5 29.Bh5 Rf8
30.a3 d3 31.c3 c6 32.Ne7+ Kc7 33.Nf5 Qf6 34.Qf2 c5 35.Rf1 Nc4 36.Bd1 Nxb2
37.e5 Qxe5 38.Qg3 Qxg3 39.Nxg3 Rxf1 40.Ngxf1 Nxd1  0-1

[Event "HUN-ch Super"]
[Site "Budapest"]
[Date "1995.??.??"]
[Round "2"]
[White "Tolnai, Tibor"]
[Black "Fogarasi, Tibor"]
[Result "1-0"]
[WhiteElo "2455"]
[BlackElo "2515"]

1.d4 Nf6 2.Bg5 e6 3.e4 d6 4.Nc3 Be7 5.f4 h6 6.Bxf6 Bxf6 7.Qd2 a6 8.O-O-O b5
9.Nf3 Bb7 10.Bd3 b4 11.Ne2 a5 12.Kb1 Nd7 13.e5 Be7 14.f5 exf5 15.Bxf5 Nf8
16.Qe3 Bg5 17.Qf2 g6 18.h4 Be7 19.Bh3 d5 20.Rhf1 Rh7 21.Nf4 Bc8 22.Bxc8 Rxc8
23.e6 Nxe6 24.Nxe6 fxe6 25.Ne5 c5 26.Rd3 Qb6 27.Rf3 Kd8 28.Nxg6 cxd4 29.Qe2 Rg7
30.h5 Qc6 31.b3 Bd6 32.Rf6 Kc7 33.Rxe6 Kb7 34.Ne5 Qc5 35.Nd3 Qc6 36.Rff6 Rd7
37.Ne5 d3 38.Qxd3 Bxe5  1-0

[Event "Budapest FS09 IM-A"]
[Site "Budapest"]
[Date "1995.??.??"]
[Round "4"]
[White "Szabo, Zsolt"]
[Black "Borocz, Istvan"]
[Result "0-1"]
[WhiteElo "2355"]
[BlackElo "2410"]

1.d4 Nf6 2.Bg5 e6 3.Nd2 h6 4.Bh4 d6 5.e4 Nbd7 6.Ngf3 g5 7.Bg3 Nh5 8.c3 Bg7
9.Bc4 Nb6 10.Bb3 Bd7 11.a4 a5 12.O-O O-O 13.Re1 Bc6 14.Nf1 Nf6 15.N3d2 Nc8
16.e5 dxe5 17.Bxe5 Ne7 18.Bxf6 Bxf6 19.Ne4 Bg7 20.Qc2 Nd5 21.Rad1 b6 22.Ne3 Nf4
23.Ng3 Bb7 24.Ba2 Qd7 25.d5 exd5 26.Nef5 Rfe8 27.Bb1 Rxe1+ 28.Rxe1 Re8 29.Rd1 Qe6
30.h4 Ne2+ 31.Nxe2 Qxe2 32.Nxh6+ Kf8 33.hxg5 Qh5 34.Qd3 Bxh6 35.gxh6 Re6
36.Bc2 Rxh6 37.Kf1 Qh1+ 38.Ke2 Qxg2 39.Rf1 Re6+ 40.Kd2 Rf6 41.Kc1 Rxf2 42.Rxf2 Qxf2
43.Kb1 Qe1+ 44.Ka2 Qe5 45.Qh3 Ba6 46.Qd7 Bc4+ 47.b3 Be2 48.Kb2 Bf3 49.Bf5 Kg7
50.Be6  0-1

[Event "Budapest FS09 IM-A"]
[Site "Budapest"]
[Date "1995.??.??"]
[Round "4"]
[White "Kecskes, Gabor"]
[Black "Cerneanu, Norbert"]
[Result "1-0"]
[WhiteElo "2280"]
[BlackElo "2270"]

1.d4 Nf6 2.Bg5 e6 3.Nd2 c5 4.e3 b6 5.Ne4 Be7 6.Bxf6 gxf6 7.d5 Bb7 8.c4 f5
9.Nc3 Bf6 10.Nge2 d6 11.g3 Nd7 12.Bg2 Ne5 13.O-O Qd7 14.Nb5 O-O-O 15.Nxa7+ Kb8
16.Nb5 Nxc4 17.Qa4 Na5 18.Rfd1 Ba6 19.Nec3 Bxc3 20.Nxc3 Qxa4 21.Nxa4 Ka7
22.b3 b5 23.Nc3 b4 24.Nb1 Kb6 25.Nd2 Bb7 26.Nf1 Rhe8 27.f4 Re7 28.Kf2 Rc7
29.Rac1 c4 30.bxc4 Rxc4 31.Rxc4 Nxc4 32.Rc1 Bxd5 33.Bxd5 exd5 34.h3 h5 35.Rc2 Ra8
36.Nh2 Ra3 37.Re2 d4 38.exd4 Rd3 39.Nf3 d5 40.Re8  1-0

[Event "Budapest FS10 IM-A"]
[Site "Budapest"]
[Date "1995.??.??"]
[Round "9"]
[White "Kecskes, Gabor"]
[Black "Eperjesi, Laszlo"]
[Result "0-1"]
[WhiteElo "2280"]
[BlackElo "2280"]

1.d4 Nf6 2.Bg5 e6 3.Nd2 h6 4.Bh4 Be7 5.e4 d6 6.Ngf3 Nbd7 7.Bd3 b6 8.Qe2 Bb7
9.O-O-O Nh5 10.Bg3 Ndf6 11.Bb5+ c6 12.Ba6 Bxa6 13.Qxa6 Nxg3 14.hxg3 Qc8 15.Qe2 Qc7
16.e5 Nd7 17.exd6 Qxd6 18.Ne5 Nxe5 19.dxe5 Qd5 20.Nc4 Qxg2 21.Kb1 Bc5 22.Qg4 g6
23.b4 b5 24.Rhg1 h5 25.Qf4 Qh3 26.Nd2 Be7 27.Ne4 Qf5 28.Qe3 Qxe5 29.Rd7 f5
30.Rxe7+ Kxe7 31.Qg5+ Kf7 32.Rd1 Rad8 33.Rxd8 Rxd8 34.Qxd8 Qxe4 35.Qd2 Qd5
36.Qh6 Qd1+ 37.Kb2 Qd4+ 38.Kc1 Qxf2  0-1

[Event "Buenos Aires Clarin op"]
[Site "Buenos Aires"]
[Date "1995.??.??"]
[Round "7"]
[White "Fiorito, Fabian"]
[Black "Panno, Oscar"]
[Result "0-1"]
[WhiteElo "2435"]
[BlackElo "2530"]

1.d4 Nf6 2.Bg5 e6 3.e4 h6 4.Bxf6 Qxf6 5.Nf3 d6 6.Nc3 Nd7 7.Qd2 Qd8 8.O-O-O a6
9.h4 c5 10.g4 b5 11.Bg2 Bb7 12.d5 e5 13.g5 Qa5 14.Kb1 c4 15.Ne2 Qb6 16.Ng3 a5
17.Bh3 Nc5 18.gxh6 Rxh6 19.Qe3 b4 20.Nf5 Rh8 21.Qg5 Rh7 22.Nxe5 dxe5 23.d6 Nd7
24.Ne7 Rd8 25.Be6 Rh6 26.Bxc4 Rxd6 27.Nf5 Rxd1+ 28.Rxd1 Qf6 29.Qg3 Bxe4 30.Ne3 Nb6
31.Bb5+ Ke7 32.Re1 Qf4 33.Qg1 Bf3 34.Nf1 f6 35.Qg6 Qe4  0-1

[Event "Cannes op"]
[Site "Cannes"]
[Date "1995.??.??"]
[Round "1"]
[White "Weindl, Alfred"]
[Black "Minasian, Artashes"]
[Result "0-1"]
[WhiteElo "2385"]
[BlackElo "2540"]

1.d4 Nf6 2.Bg5 e6 3.e4 h6 4.Bxf6 Qxf6 5.Nf3 d6 6.Nc3 Qd8 7.Qd2 Be7 8.O-O-O Nd7
9.Kb1 b6 10.e5 d5 11.Bb5 Bb7 12.Ne2 a6 13.Bd3 c5 14.Nf4 Qc7 15.c3 c4 16.Bc2 O-O-O
17.h4 b5 18.g4 Qb6 19.Ka1 b4 20.g5 Kc7 21.g6 Rhf8 22.Rhg1 Rb8 23.gxf7 Rxf7
24.Bg6 Rff8 25.Bh7 Bc8 26.Ng6 bxc3 27.bxc3 Ba3 28.Rb1 Rxf3 29.Rxb6 Nxb6 30.Nf4 Na4
31.Rxg7+ Kc6  0-1

[Event "Cannes Martinez op"]
[Site "Cannes"]
[Date "1995.??.??"]
[Round "4"]
[White "Trommsdorf, Fro"]
[Black "Collas, Didier"]
[Result "1/2-1/2"]
[WhiteElo "2185"]
[BlackElo "2350"]

1.d4 Nf6 2.Bg5 e6 3.e4 h6 4.Bxf6 Qxf6 5.c3 d5 6.Bd3 c5 7.e5 Qd8 8.Nf3 Qb6
9.Qb3 Nc6 10.O-O c4 11.Qxb6 axb6 12.Bc2 b5 13.b4 cxb3 14.Bxb3 Bd7 15.a4 Be7
16.Nbd2 bxa4 17.Bxa4 O-O 18.Bc2 b5 19.Nb3 b4 20.cxb4 Nxb4 21.Rxa8 Rxa8 22.Ra1 Rxa1+
23.Nxa1 Nxc2 24.Nxc2 Ba4 25.Nfe1 g5 26.f3 f6 27.exf6 Bxf6 28.Kf2 Bd8 29.Ke3 Ba5
30.g3 Kf7 31.Ke2 Bb6 32.Kd3 Ke7 33.Nb4 Kd6 34.f4 gxf4 35.gxf4 Ba5 36.Kc3 Ke7
37.Nd3 Kf6 38.Kd2 Kf5 39.Ke3 Bb5 40.Kf3 h5 41.Ke3 h4 42.Kf3 Ba4 43.Ke3 Bd1
44.Nc6 Bc3 45.Ne7+ Kf6 46.Nc6 Bc2 47.Nde5 Bd1  1/2-1/2

[Event "Cannes Martinez op"]
[Site "Cannes"]
[Date "1995.??.??"]
[Round "5"]
[White "Lebel Arias, Julia"]
[Black "Villeneuve, Alain"]
[Result "0-1"]
[WhiteElo "2055"]
[BlackElo "2320"]

1.d4 Nf6 2.Bg5 e6 3.Nf3 Be7 4.Nbd2 d5 5.e3 O-O 6.Bd3 c5 7.c3 b6 8.Ne5 Bb7
9.f4 Ne4 10.Bxe4 dxe4 11.Bxe7 Qxe7 12.O-O f6 13.Ng4 cxd4 14.exd4 Nd7 15.Re1 f5
16.Ne3 Kh8 17.Ndc4 Ba6 18.d5 Bxc4 19.Nxc4 Qc5+ 20.Ne3 e5 21.fxe5 Nxe5 22.Kh1 Nd3
23.Re2 f4 24.b4 Qxc3 25.Nc2 f3 26.Rd2 f2 27.Ne3 f1=Q+ 28.Nxf1 Rxf1+ 29.Qxf1 Qxd2
30.d6 Qxb4 31.Qf5 Qxd6 32.Rf1 e3 33.Qe4 Nf2+  0-1

[Event "Cannes op"]
[Site "Cannes"]
[Date "1995.??.??"]
[Round "7"]
[White "Weindl, Alfred"]
[Black "Skalik, Przemyslaw"]
[Result "1-0"]
[WhiteElo "2385"]
[BlackElo "2330"]

1.d4 Nf6 2.Bg5 e6 3.e4 h6 4.Bxf6 Qxf6 5.Nf3 d6 6.Nc3 g5 7.e5 Qe7 8.exd6 cxd6
9.Bb5+ Nd7 10.O-O Bg7 11.Re1 O-O 12.Bd3 Nb6 13.a4 a5 14.Ne2 Bd7 15.c3 f5
16.Qb3 Nd5 17.Ng3 Qf7 18.Nd2 Bc6 19.Bf1 Nf4 20.Nc4 e5 21.Qa3 Bxg2 22.Bxg2 Qxc4
23.Bxb7 Rab8 24.Bg2 e4 25.Bf1 Qd5 26.b4 axb4 27.cxb4 Bxd4 28.Rad1 Qe5 29.b5 Bc5
30.Qb3+ Kh8 31.a5 h5 32.Qc4 h4 33.Nxe4 fxe4 34.Qxe4 Qb2 35.Qe3  1-0

[Event "Cappelle op"]
[Site "Cappelle la Grande"]
[Date "1995.??.??"]
[Round "1"]
[White "Nataf, Igor Alexandre"]
[Black "Chuchelov, Vladimir"]
[Result "1/2-1/2"]
[WhiteElo "2340"]
[BlackElo "2530"]

1.d4 Nf6 2.Bg5 e6 3.e4 h6 4.Bxf6 Qxf6 5.Nc3 d6 6.Qd2 g5 7.h4 Bg7 8.hxg5 hxg5
9.Rxh8+ Bxh8 10.O-O-O a6 11.Nh3 Nc6 12.d5 g4 13.dxc6 gxh3 14.gxh3 bxc6 15.f4 Qe7
16.Bc4 Bb7 17.Rg1 O-O-O 18.Qd3 Qf6 19.Rg4 a5 20.Ba6 Qd4 21.Bxb7+ Kxb7 22.Qxd4 Bxd4
23.Ne2 Bf6 24.c3 Rh8 25.Ng1 Kc8 26.Kd2 Kd7 27.Rg2 a4 28.Rh2 Rh4 29.Ke3 a3
30.bxa3 Bxc3 31.Nf3 Rh5 32.e5 dxe5 33.Kd3 Ba1 34.Rh1 Bb2 35.Rh2 Ba1 36.Rh1 Bb2
37.Rh2 Bc1 38.Nxe5+ Ke8 39.Ke4 Rh4 40.Nd3 Bxa3 41.Kf3 Ke7 42.Kg3 Rh5 43.Rc2 Bd6
44.h4 Rd5 45.Rc3 c5 46.a4 Rd4 47.a5 Ra4 48.Ne5 Bxe5 49.fxe5 Rxa5 50.h5 Kf8
51.Kf4 Ra4+ 52.Kg5 Re4 53.Rxc5 Kg7 54.h6+ Kh7 55.Kf6 Rf4+ 56.Ke7 Kxh6 57.Rxc7 Kg6
58.Ke8 Ra4 59.Rc1 f6 60.Ke7 fxe5 61.Kxe6  1/2-1/2

[Event "Cappelle op"]
[Site "Cappelle la Grande"]
[Date "1995.??.??"]
[Round "2"]
[White "Sokolovs, Andrei"]
[Black "Nalbandian, Tigran"]
[Result "1-0"]
[WhiteElo "2520"]
[BlackElo "2430"]

1.d4 Nf6 2.Bg5 e6 3.e4 d6 4.Nc3 Nbd7 5.Nf3 h6 6.Be3 e5 7.h3 Be7 8.Bc4 O-O
9.a4 c6 10.Ba2 exd4 11.Bxd4 Qc7 12.O-O Ne5 13.Nd2 Ng6 14.Re1 Be6 15.Nf3 Bxa2
16.Rxa2 Nd7 17.Ra1 Nde5 18.Nh2 Bf6 19.Ne2 Rfe8 20.Ng3 Nf4 21.Be3 Neg6 22.Qc1 d5
23.Ng4 Bg5 24.exd5 Nh4 25.Bxf4 Bxf4 26.Rxe8+ Rxe8 27.Qf1 cxd5 28.Qd3 Qb6
29.Qb3 Qe6 30.Nh5 Bg5 31.Qd3 f5 32.Nh2 f4 33.Nf3 Qe4 34.Qxe4 Rxe4 35.Nxh4 Bxh4
36.g3 fxg3 37.fxg3 Bg5 38.h4 Be3+ 39.Kg2 Bd4 40.c3 Re2+ 41.Kf3 Rf2+ 42.Kg4 Be3
43.Re1 d4 44.cxd4 Bxd4 45.Re8+ Kh7 46.Nf4 h5+ 47.Kxh5 Bxb2 48.Re7 a5 49.Rxb7 Bc3
50.Ne6 Be5 51.Ra7 Bf6 52.g4 Re2 53.g5 Re5 54.Nf8+ Kg8 55.Nd7 Rd5 56.Nxf6+ gxf6
57.Kg6 Rd8 58.gxf6  1-0

[Event "Cappelle op"]
[Site "Cappelle la Grande"]
[Date "1995.??.??"]
[Round "3"]
[White "McCamon, Boyd"]
[Black "Minasian, Artashes"]
[Result "0-1"]
[WhiteElo "2295"]
[BlackElo "2540"]

1.d4 Nf6 2.Bg5 e6 3.Nf3 Be7 4.Nbd2 h6 5.Bxf6 Bxf6 6.c3 d6 7.e4 Nd7 8.Bd3 b6
9.Qa4 a6 10.e5 Be7 11.exd6 cxd6 12.Qc6 Ra7 13.O-O Bb7 14.Qa4 O-O 15.Be4 Bxe4
16.Nxe4 d5 17.Ned2 b5 18.Qb3 Qc7 19.Rfe1 Bd6 20.g3 Rb8 21.Rac1 a5 22.Qd1 Ra6
23.Qe2 Rc6 24.Ne5 Nxe5 25.dxe5 Bc5 26.Kg2 Ba7 27.Rb1 b4 28.cxb4 axb4 29.Qd3 Rc8
30.Re2  0-1

[Event "Cappelle op"]
[Site "Cappelle la Grande"]
[Date "1995.??.??"]
[Round "3"]
[White "Beikert, Guenther"]
[Black "Sokolov, Andrei"]
[Result "0-1"]
[WhiteElo "2440"]
[BlackElo "2575"]

1.d4 Nf6 2.Bg5 e6 3.e4 h6 4.Bxf6 Qxf6 5.e5 Qe7 6.Nd2 Qb4 7.Nf3 Qxb2 8.Bd3 Nc6
9.O-O Nxd4 10.Nc4 Qc3 11.Nfd2 Nc6 12.Ne4 Qd4 13.c3 Qd5 14.f4 Bc5+ 15.Kh1 Ne7
16.Qe2 b6 17.Nf6+ gxf6 18.Be4 f5 19.Bxd5 Nxd5 20.Rf3 Bb7 21.Nd2 Rg8 22.Nb3 Be3
23.g3 Bxf4 24.gxf4 Nxf4 25.Qf1 O-O-O 26.Nc5 Bc6 27.Nd3 Rg4 28.Re1 Rdg8 29.Nxf4 Rxf4
30.Re3 Rgg4 31.Qh3 h5  0-1

[Event "Cappelle op"]
[Site "Cappelle la Grande"]
[Date "1995.??.??"]
[Round "8"]
[White "Miladinovic, Igor"]
[Black "Kogan, Artur"]
[Result "1/2-1/2"]
[WhiteElo "2535"]
[BlackElo "2465"]

1.d4 Nf6 2.Bg5 e6 3.Nf3 h6 4.Bxf6 Qxf6 5.e4 d6 6.Nc3 a6 7.Qd2 Nc6 8.O-O-O g5
9.e5 dxe5 10.dxe5 Qf4 11.Qxf4 gxf4 12.Ne2 Bc5 13.Nxf4 Bxf2 14.Nh5 Ke7 15.Kb1 Bd7
16.Bd3 Rad8 17.Be4 Na5 18.b3 Bc6 19.Nf6 Bxe4 20.Nxe4 Be3 21.c3 Nc6 22.g3 Ba7
23.Kc2 Rd5 24.Rxd5 exd5 25.Nf6 Rd8 26.Ng4  1/2-1/2

[Event "Copenhagen"]
[Site "Copenhagen"]
[Date "1995.??.??"]
[Round "3"]
[White "Welling, Gerard"]
[Black "Sorensen, Torben"]
[Result "1-0"]
[WhiteElo "2400"]
[BlackElo "2255"]

1.d4 Nf6 2.Bg5 e6 3.e4 h6 4.Bxf6 Qxf6 5.Nf3 d6 6.Nc3 Nd7 7.Qd2 g6 8.O-O-O Bg7
9.Nb5 Qd8 10.Qc3 Nc5 11.e5 Na6 12.exd6 cxd6 13.Qa3 Bf8 14.d5 e5 15.h4 Qb6
16.Nd2 Kd8 17.Qf3 f5 18.g4 Bd7 19.Nc3 Rc8 20.Nc4 Qc5 21.gxf5 gxf5 22.Rg1 Be7
23.Rg7 Nc7 24.a3 Ne8 25.Rf7 Bxh4 26.Rxd7+ Kxd7 27.Qxf5+ Kc7 28.Ne4 Qb5 29.Qxc8+ Kxc8
30.Nexd6+  1-0